| 000 | 00682nas a22001937a 4500 | ||
|---|---|---|---|
| 005 | 20120828102336.0 | ||
| 006 | a|||||r|||||00| 0 | ||
| 007 | ta | ||
| 008 | 120828c xxu||||| |||| 00| 0 eng d | ||
| 245 |
_aCampaign India _cedited by Gokul Krishnamurthy |
||
| 260 |
_aMumbai _bHaymarket India, _c2012- |
||
| 300 |
_av. _c36 cm (Pbk) |
||
| 310 | _aBi-weekly | ||
| 700 |
_aKrishnamurthy, Gokul _951595 |
||
| 856 | _uhttp://www.campaignindia.in/Magazine/Default.aspx | ||
| 270 |
_a85, Post Office Lane, Off Dr. Ambedkar Road, _bMumbai _e400012 _k022-43025000 _mcampaign@campaignindia.in |
||
| 942 |
_2ddc _cSR _s1 |
||
| 999 |
_c69383 _d69383 |
||